50 Songs mit A - Statistiken

Allgemein
  • Dieses Quiz wurde 155 mal gespielt
  • Das Durchschnittsergebnis liegt bei 22 aus 50
Antwortstatistiken
Songtitel Interpret % Korrekt
Atemlos Durch Die Nacht (2013) Helene Fischer
91%
Africa (1982) TOTO
85%
Alles Nur Geklaut (1993) Die Prinzen
77%
All I Want For Christmas Is You (1994) Mariah Carey
76%
Another One Bites The Dust (1980) Queen
75%
Auf Uns (2014) Andreas Bourani
72%
Abenteuerland (1995) Pur
71%
Aber Bitte Mit Sahne (1976) Udo Jürgens
70%
Alles Neu (2008) Peter Fox
68%
Angels (1997) Robbie Williams
68%
Alejandro (2009) Lady Gaga
66%
Alli-Alligatoah (2018) Alligatoah
62%
As It Was (2022) Harry Styles
61%
American Idiot (2004) Green Day
60%
Alors On Danse (2009) Stromae
56%
Another Day In Paradise (1989) Phil Collins
54%
Augenbling (2012) Seeed
53%
Anti-Hero (2022) Taylor Swift
53%
Alkohol (1984) Herbert Grönemeyer
52%
Ain't Your Mama (2016) Jennifer Lopez
52%
Another Brick In The Wall (1979) Pink Floyd
51%
Amoi Seg' Ma Uns Wieder (2009) Andreas Gabalier
50%
Alles Aus Liebe (1993) Die Toten Hosen
50%
Amerika (2004) Rammstein
49%
Another Love (2012) Tom Odell
46%
Atzin (2010) Die Atzen
42%
All The Things She Said (2002) t.A.T.u.
42%
All The Small Things (1999) Blink-182
38%
Animals (2014) Maroon 5
35%
All Star (1999) Smash Mouth
34%
Am Tag, Als Conny Kramer Starb (1972) Juliane Werding
33%
Augen Auf (2008) Sido
32%
All Over The World (1980) Electric Light Orchestra
30%
An Der Nordseeküste (1984) Klaus & Klaus
30%
Angeleyes (1979) ABBA
27%
As Long As You Love Me (1997) Backstreet Boys
26%
An Guten Tagen (2019) Johannes Oerding
26%
Ai Se Eu Te Pego (2011) Michel Teló
26%
Always (1994) Bon Jovi
25%
ACHTUNG: BIELEFELD (2020) Die Ärzte
24%
Aloha Heja He (1991) Achim Reichel
22%
Achy Breaky Heart (1992) Billy Ray Cyrus
22%
Around The World (La La La La La) (2000) A Touch Of Class
20%
American Pie (1971) Don McLean
18%
Arcade (2019) Duncan Laurence
16%
An Der Copacabana (1987) Erste Allgemeine Verunsicherung
16%
Ain't No Sunshine (1971) Bill Withers
10%
Atomic (1979) Blondie
10%
Ameno (1996) ERA
8%
All Girls Are The Same (2017) Juice WRLD
8%
Keine übereinstimmenden Quizze gefunden
Verteilung der Resultate
Anzahl Personen mit jedem Resultat
Perzentil nach korrekt beantworteten Fragen
Ihre Resultats-Entwicklung
Sie haben dieses Quiz noch nicht gespielt